000 00900nam a22002297a 4500
005 20240321112921.0
008 110317t xxu||||| |||| 00| 0 eng d
010 _aB-755925-929 ENG-139562
020 _a9788194802150
_c495.00
035 _aB-755925-929
035 _aEN-123394
037 _bAcademic Aspirations
082 _a320.3
100 1 _926630
_aPurohit, Vasudha
245 1 0 _aIntroduction to Comparative Government and Politics/
_cBy - Vasudha Purohit
260 _aNew Delhi
_bAcademic Aspirations
_c2022
270 _a4740/23, Ansari Road, Darya Ganj,
_bNew Delhi
_e110002
300 _aviii, 280p.
_c23cm (pbk)
500 _aIncludes index
942 _2ddc
_cEN
_mPUR
_h320.3
999 _c199498
_d199498